| 000 | 00351cam a2200145ua 4500 | ||
|---|---|---|---|
| 041 |
_ahin _h |
||
| 082 |
_a891.43 _bMYD/SH |
||
| 100 | _aMydhilee sharma gupth, . | ||
| 245 |
_aShakthi / _cMydhilee sharma gupt. _hTextual Documents |
||
| 260 |
_a : _bsathiya sadan , _c1961. |
||
| 300 | _a16 ; . | ||
| 504 | _a | ||
| 942 | _cBK | ||
| 999 |
_c11649 _d11649 |
||